[Event "TUR-chT 2nd League"]
[Site "Konya"]
[Date "2022.08.28"]
[Round "9.14"]
[White "Durak, Ahmet"]
[Black "Koksal, Recep"]
[Result "1-0"]
[WhiteElo "1755"]
[BlackElo "1660"]
[PlyCount "103"]
[EventDate "2022.08.22"]
[EventType "team-swiss"]
[EventRounds "9"]
[EventCountry "TUR"]
[SourceTitle "CBM 210 Extra"]
[Source "ChessBase"]
[SourceDate "2022.11.30"]
[SourceVersion "1"]
[SourceVersionDate "2022.11.30"]
[SourceQuality "1"]
[WhiteTeam "Bitlis Ihtisas Egitim"]
[BlackTeam "Samsun Gercek"]
[WhiteTeamCountry "TUR"]
[BlackTeamCountry "TUR"]

1. Nf3 Nf6 2. c4 g6 3. g3 Bg7 4. Bg2 0-0 5. 0-0 d5 6. cxd5 Nxd5 7. Nc3 Nc6 8. d4 Nxc3 9. bxc3 Bf5 10. Nd2 Qd7 11. Re1 Nxd4 12. cxd4 Bxd4 13. Nb3 Bxa1 14. Qxd7 Bxd7 15. Nxa1 c6 16. Nb3 b6 17. Ba3 Rfe8 18. Nd2 Rac8 19. Nc4 f6 20. Rc1 Be6 21. Kf1 c5 22. Bb2 Red8 23. Ke1 Bd5 24. Bh3 Rb8 25. a3 Kf7 26. Ne3 Rd6 27. Nxd5 Rxd5 28. Bf1 Rh5 29. h3 Rd8 30. g4 Rhd5 31. e4 R5d7 32. Bb5 Rc7 33. e5 Ra8 34. Bc4+ e6 35. exf6 a6 36. a4 Rb7 37. Be2 Rd7 38. f4 Rdd8 39. Be5 g5 40. Rb1 gxf4 41. Rxb6 Rd5 42. Bxf4 Kxf6 43. Bf3 Rad8 44. Bxd5 Rxd5 45. Be3 Ke5 46. Rxa6 Rd3 47. Ke2 c4 48. Rc6 Ra3 49. Rxc4 Kd5 50. Rd4+ Ke5 51. Rb4 Kd5 52. Kf3 1-0

[Event "TUR-chT 2nd League"]
[Site "Konya"]
[Date "2022.08.27"]
[Round "8.12"]
[White "Arman, Deniz"]
[Black "Durak, Ahmet"]
[Result "1-0"]
[WhiteElo "2298"]
[BlackElo "1755"]
[PlyCount "165"]
[EventDate "2022.08.22"]
[EventType "team-swiss"]
[EventRounds "9"]
[EventCountry "TUR"]
[SourceTitle "CBM 210 Extra"]
[Source "ChessBase"]
[SourceDate "2022.11.30"]
[SourceVersion "1"]
[SourceVersionDate "2022.11.30"]
[SourceQuality "1"]
[WhiteTeam "Istanbul Sisli"]
[BlackTeam "Bitlis Ihtisas Egitim"]
[WhiteTeamCountry "TUR"]
[BlackTeamCountry "TUR"]

1. e4 g6 2. d4 Bg7 3. Nc3 d6 4. f4 Nf6 5. Nf3 0-0 6. e5 dxe5 7. fxe5 Nd5 8. Bc4 Be6 9. Nxd5 Bxd5 10. Bxd5 Qxd5 11. Qe2 b5 12. 0-0 a6 13. Bg5 Re8 14. Be3 Nd7 15. b3 b4 16. Rad1 Nf8 17. a3 a5 18. axb4 axb4 19. Qc4 Qxc4 20. bxc4 Ra3 21. Rd3 f6 22. exf6 exf6 23. Bd2 Rxd3 24. cxd3 Rb8 25. Rb1 b3 26. Bc3 f5 27. Nd2 Ne6 28. Rxb3 Rxb3 29. Nxb3 Nf4 30. Kf1 Nxd3 31. Ke2 Nf4+ 32. Kf3 g5 33. Ba5 c6 34. g4 fxg4+ 35. Kxg4 Kf7 36. Kf5 h6 37. Bc7 Ng6 38. Bg3 Ne7+ 39. Ke4 h5 40. Bd6 Nc8 41. Bc5 Ke6 42. Na5 Nd6+ 43. Bxd6 Kxd6 44. Nb7+ Kc7 45. Nc5 Kd6 46. Nd3 Ke6 47. Nb4 Kd6 48. Nc2 c5 49. d5 Be5 50. h3 Bf4 51. Na3 Kd7 52. Nb5 Bd2 53. Kf5 Be3 54. Nc3 g4 55. hxg4 hxg4 56. Kxg4 Bd4 57. Ne4 Bg1 58. Kf5 Bd4 59. Kg6 Bg1 60. Kf7 Bd4 61. Kf8 Kd8 62. Ng5 Kd7 63. Ne6 Be3 64. Kf7 Bg1 65. Nf8+ Kd6 66. Ke8 Bh2 67. Kd8 Ke5 68. Nd7+ Kd6 69. Kc8 Bf4 70. Nb6 Bd2 71. Kb7 Be3 72. Nc8+ Kd7 73. Na7 Kd6 74. Kb6 Bg1 75. Nc6 Bf2 76. Na5 Ke5 77. Nb7 Kd4 78. Kb5 Ke5 79. Nxc5 Bg1 80. Nb7 Ba7 81. Kc6 Bb8 82. c5 Ba7 83. d6 1-0

[Event "TUR-chT 2nd League"]
[Site "Konya"]
[Date "2022.08.23"]
[Round "2.9"]
[White "Yalcin, Ozgun"]
[Black "Durak, Ahmet"]
[Result "1/2-1/2"]
[WhiteElo "1898"]
[BlackElo "1755"]
[PlyCount "96"]
[EventDate "2022.08.22"]
[EventType "team-swiss"]
[EventRounds "9"]
[EventCountry "TUR"]
[SourceTitle "CBM 210 Extra"]
[Source "ChessBase"]
[SourceDate "2022.11.30"]
[SourceVersion "1"]
[SourceVersionDate "2022.11.30"]
[SourceQuality "1"]
[WhiteTeam "Afyonkarahisar Basari"]
[BlackTeam "Bitlis Ihtisas Egitim"]
[WhiteTeamCountry "TUR"]
[BlackTeamCountry "TUR"]

1. c4 c5 2. g3 Nc6 3. Bg2 g6 4. Nc3 Bg7 5. a3 d6 6. Nh3 e5 7. b4 cxb4 8. axb4 Nge7 9. b5 Nd4 10. Ng5 h6 11. Nf3 Ne6 12. 0-0 f5 13. Ne1 Qc7 14. Ba3 0-0 15. Nc2 Nc5 16. Ne3 Be6 17. Ned5 Nxd5 18. Nxd5 Qf7 19. Bb2 e4 20. Bxg7 Kxg7 21. d4 Bxd5 22. dxc5 Bxc4 23. Qd4+ Kg8 24. cxd6 Bxb5 25. Rfc1 Bc6 26. Rxa7 Rxa7 27. Qxa7 Qd5 28. Qe3 g5 29. f3 f4 30. Qxe4 Qxd6 31. Qc4+ Qd5 32. Qc2 Qf5 33. Qc4+ Rf7 34. Rd1 Qe5 35. gxf4 Qxf4 36. Rd8+ Kg7 37. Qc3+ Qf6 38. Qxf6+ Kxf6 39. Rh8 Kg7 40. Rc8 Bd7 41. Rb8 b5 42. e4 Bc6 43. Rb6 Be8 44. Kf2 Rc7 45. Bf1 Rc2+ 46. Kg3 Rb2 47. h4 gxh4+ 48. Kxh4 Rf2 1/2-1/2

[Event "TUR-chT Clubs"]
[Site "Konya"]
[Date "2019.07.20"]
[Round "7.4"]
[White "Akin, Batikan Aybey"]
[Black "Durak, Ahmet"]
[Result "0-1"]
[WhiteElo "1610"]
[BlackElo "1786"]
[PlyCount "86"]
[EventDate "2019.07.16"]
[EventType "team-swiss"]
[EventRounds "9"]
[EventCountry "TUR"]
[SourceTitle "CBM 191 Extra"]
[Source "ChessBase"]
[SourceDate "2019.09.30"]
[SourceVersion "1"]
[SourceVersionDate "2019.09.30"]
[SourceQuality "1"]
[WhiteTeam "Mugla Mentese Merkez"]
[BlackTeam "Bitlis Ihtisas Egitim"]
[WhiteTeamCountry "TUR"]
[BlackTeamCountry "TUR"]

1. Nf3 d5 2. d4 Nf6 3. e3 c5 4. Bd3 Nc6 5. c3 Bg4 6. h3 Bh5 7. Nbd2 e6 8. Qa4 c4 9. Be2 Nd7 10. 0-0 f5 11. Qd1 Bd6 12. g3 0-0 13. Nh4 Bxe2 14. Qxe2 Qc7 15. g4 Rf6 16. g5 Rff8 17. Ng2 b5 18. f3 e5 19. dxe5 Ncxe5 20. Nf4 Qb7 21. e4 fxe4 22. fxe4 Bc5+ 23. Kh2 Nb6 24. exd5 Rae8 25. Ne4 Nd3 26. Nxd3 cxd3 27. Rxf8+ Rxf8 28. Qxd3 Nxd5 29. Kh1 Nxc3 30. bxc3 Re8 31. Ba3 Rxe4 32. Kh2 Bxa3 33. Rf1 Re8 34. Kg3 Qc7+ 35. Kf2 Qh2+ 36. Kf3 Qxh3+ 37. Kf2 Qxd3 38. g6 Rf8+ 39. Kg2 Qxf1+ 40. Kg3 Bd6+ 41. Kg4 Qg2+ 42. Kh5 Qh3+ 43. Kg5 Rf5# 0-1

[Event "TUR-chT2"]
[Site "Konya"]
[Date "2018.07.13"]
[Round "6.20"]
[White "Kamalak, Bedihanur"]
[Black "Durak, Ahmet"]
[Result "0-1"]
[WhiteElo "1318"]
[BlackElo "1771"]
[PlyCount "52"]
[EventDate "2018.07.10"]
[EventType "team-swiss"]
[EventRounds "9"]
[EventCountry "TUR"]
[SourceTitle "EXT 2019"]
[Source "ChessBase"]
[SourceDate "2018.10.10"]
[SourceVersion "1"]
[SourceVersionDate "2018.10.10"]
[SourceQuality "1"]
[WhiteTeam "Edeler Gorme"]
[BlackTeam "Bitlis Genclik"]
[WhiteTeamCountry "TUR"]
[BlackTeamCountry "TUR"]

1. e4 c5 2. Nf3 e6 3. d4 cxd4 4. Nxd4 Nf6 5. Bd3 Nc6 6. Be3 a6 7. c3 Qc7 8. Nd2 Ne5 9. Qe2 Nfg4 10. h3 Nxe3 11. Qxe3 b5 12. 0-0 Nxd3 13. Qxd3 Be7 14. b3 Bb7 15. f4 Rc8 16. Rac1 0-0 17. Ne2 Rfd8 18. Qg3 Qa5 19. Rc2 d5 20. exd5 Rxd5 21. Ne4 Rcd8 22. Nf2 Qb6 23. Nd4 b4 24. Ne2 Rd3 25. Qg4 Bc5 26. Rcc1 Bxf2+ 0-1

[Event "TUR-chT2"]
[Site "Konya"]
[Date "2018.07.11"]
[Round "3.26"]
[White "Durak, Ahmet"]
[Black "Deva, Atilla"]
[Result "1/2-1/2"]
[WhiteElo "1771"]
[BlackElo "1629"]
[PlyCount "67"]
[EventDate "2018.07.10"]
[EventType "team-swiss"]
[EventRounds "9"]
[EventCountry "TUR"]
[SourceTitle "EXT 2019"]
[Source "ChessBase"]
[SourceDate "2018.10.10"]
[SourceVersion "1"]
[SourceVersionDate "2018.10.10"]
[SourceQuality "1"]
[WhiteTeam "Bitlis Genclik"]
[BlackTeam "Dulumpinar Turk"]
[WhiteTeamCountry "TUR"]
[BlackTeamCountry "TUR"]

1. Nf3 d6 2. c4 Nd7 3. b3 c6 4. Bb2 Ngf6 5. g3 Qc7 6. Bg2 e5 7. 0-0 Be7 8. Nc3 h6 9. d4 Nf8 10. Rc1 Ng6 11. h3 Bd7 12. b4 0-0 13. Qb3 Rac8 14. Rfd1 Qb8 15. e4 Be6 16. d5 Bd7 17. Rc2 a6 18. Ne1 c5 19. bxc5 dxc5 20. a4 Bd6 21. Ba3 Qc7 22. Rb1 Rb8 23. Nd3 b6 24. Rcb2 Rfe8 25. Qc2 a5 26. Nb5 Bxb5 27. Rxb5 Nd7 28. h4 Qd8 29. Bh3 Ngf8 30. Bc1 Qf6 31. Qe2 Rbd8 32. Ne1 Bc7 33. Ng2 Nb8 34. Ne3 1/2-1/2

[Event "TUR Cup										"]
[Site "Antalya"]
[Date "2018.02.02"]
[Round "10"]
[White "Suzan, Ufuk"]
[Black "Durak, Ahmet"]
[Result "0-1"]
[WhiteElo "1821"]
[BlackElo "1647"]
[PlyCount "76"]
[EventDate "2018.01.27"]
[EventType "swiss"]
[EventRounds "11"]
[EventCountry "TUR"]
[SourceTitle "CBM 182 Extra"]
[Source "ChessBase"]
[SourceDate "2018.02.23"]
[SourceVersion "1"]
[SourceVersionDate "2018.02.23"]
[SourceQuality "1"]

1. e4 c6 2. d4 d5 3. Nc3 dxe4 4. Nxe4 Nf6 5. Nxf6+ exf6 6. Bf4 Bd6 7. Qd2 0-0 8. 0-0-0 b5 9. Bd3 Bxf4 10. Qxf4 Qa5 11. Kb1 Be6 12. b3 Na6 13. Ne2 Rfd8 14. Qe4 f5 15. Qf4 Nb4 16. Nc1 Nd5 17. Qh4 Nc3+ 18. Kb2 Nxd1+ 19. Rxd1 Qb6 20. Ne2 c5 21. g4 c4 22. Bxf5 g6 23. Be4 Bd5 24. f3 Rac8 25. Nc3 Be6 26. d5 b4 27. Na4 c3+ 28. Kb1 Qe3 29. Re1 Qd4 30. Nb2 Bxd5 31. Rd1 Qc5 32. Na4 Qb5 33. Qg5 Qe2 34. Rxd5 Rxd5 35. Bxd5 Qd1+ 36. Qc1 Qxd5 37. a3 Qxf3 38. g5 Rd8 0-1

[Event "TUR Cup										"]
[Site "Antalya"]
[Date "2018.01.30"]
[Round "6"]
[White "Durak, Ahmet"]
[Black "Bulut, Nazim"]
[Result "1/2-1/2"]
[WhiteElo "1647"]
[BlackElo "1504"]
[PlyCount "27"]
[EventDate "2018.01.27"]
[EventType "swiss"]
[EventRounds "11"]
[EventCountry "TUR"]
[SourceTitle "CBM 182 Extra"]
[Source "ChessBase"]
[SourceDate "2018.02.23"]
[SourceVersion "1"]
[SourceVersionDate "2018.02.23"]
[SourceQuality "1"]

1. e4 e5 2. Nf3 Nc6 3. d4 exd4 4. Bc4 h6 5. 0-0 Bc5 6. c3 dxc3 7. Bxf7+ Kxf7 8. Qd5+ Kf8 9. Qxc5+ d6 10. Qxc3 Nf6 11. Re1 Kg8 12. Na3 Kh7 13. Bf4 Bg4 14. Rad1 1/2-1/2

[Event "TUR Cup										"]
[Site "Antalya"]
[Date "2018.01.30"]
[Round "5"]
[White "Elgin, Omur"]
[Black "Durak, Ahmet"]
[Result "0-1"]
[WhiteElo "1310"]
[BlackElo "1647"]
[PlyCount "76"]
[EventDate "2018.01.27"]
[EventType "swiss"]
[EventRounds "11"]
[EventCountry "TUR"]
[SourceTitle "CBM 182 Extra"]
[Source "ChessBase"]
[SourceDate "2018.02.23"]
[SourceVersion "1"]
[SourceVersionDate "2018.02.23"]
[SourceQuality "1"]

1. d4 d5 2. e3 c5 3. c3 Nf6 4. Bd3 Nc6 5. f4 Bg4 6. Nf3 e6 7. Nbd2 Be7 8. 0-0 0-0 9. Qe1 a6 10. Ne5 Bf5 11. Bxf5 exf5 12. Rf3 Ne4 13. Qe2 f6 14. Nd3 c4 15. Nf2 b5 16. Rh3 g6 17. Ndxe4 fxe4 18. Ng4 f5 19. Nh6+ Kg7 20. g4 fxg4 21. Qxg4 Qc8 22. f5 Bd6 23. Qh4 Qd8 24. Qg4 Ne7 25. fxg6 hxg6 26. Qh4 Ng8 27. Nf5+ Rxf5 28. Qh8+ Kf8 29. Bd2 Ra7 30. Be1 Qg5+ 31. Rg3 Bxg3 32. Bxg3 Qxe3+ 33. Kh1 Qf3+ 34. Kg1 Rh5 35. Bd6+ Kf7 36. Qxh5 Qxh5 37. Be5 Ke6 38. Rf1 Rf7 0-1

[Event "TUR Cup"]
[Site "Antalya"]
[Date "2017.02.02"]
[Round "9"]
[White "Durak, Ahmet"]
[Black "Akyildiz, Alptug"]
[Result "1/2-1/2"]
[WhiteElo "1303"]
[BlackElo "1545"]
[PlyCount "133"]
[EventDate "2017.01.28"]
[EventType "swiss"]
[EventRounds "11"]
[EventCountry "TUR"]
[SourceTitle "CBM 176 Extra"]
[Source "ChessBase"]
[SourceDate "2017.03.02"]
[SourceVersion "1"]
[SourceVersionDate "2017.03.02"]
[SourceQuality "1"]

1. e4 c5 2. Nf3 Nc6 3. d4 cxd4 4. Nxd4 e5 5. Nb3 Nf6 6. f3 d5 7. exd5 Qxd5 8. Qxd5 Nxd5 9. a3 Bf5 10. c4 Nb6 11. Nc3 0-0-0 12. Be3 Nd4 13. Bxd4 exd4 14. Ne4 g6 15. Bd3 Bg7 16. Nbd2 Rhe8 17. 0-0 Bh6 18. Rfd1 Be3+ 19. Kh1 Na4 20. Rab1 Re6 21. g4 Bxe4 22. Nxe4 Rb6 23. b4 f5 24. gxf5 gxf5 25. Nc5 Nc3 26. Bxf5+ Kc7 27. Ne6+ Rxe6 28. Bxe6 Nxb1 29. Rxb1 d3 30. Kg2 d2 31. Rd1 Rd3 32. Kf1 Rc3 33. Ke2 Bf4 34. Bf5 h5 35. h4 Re3+ 36. Kf2 Rxa3 37. Bg6 Kd6 38. Bxh5 Ke5 39. Ke2 Kd4 40. Bf7 Rc3 41. Bd5 b6 42. b5 Rc1 43. h5 Kc3 44. Be6 Kd4 45. Bd5 Ke5 46. Bf7 Kf6 47. Bd5 Kg5 48. Bf7 Kh6 49. Rxd2 Bxd2 50. Kxd2 Rh1 51. Kd3 Rd1+ 52. Ke4 Rd7 53. Be6 Re7 54. Kd5 Kxh5 55. Kd6 Rg7 56. c5 bxc5 57. Kxc5 Rb7 58. Bd5 Rb6 59. Bc6 Kg5 60. Kd6 Kf4 61. Kc7 Ke5 62. Kd7 Kd4 63. Kc7 Ke5 64. Be8 Kf6 65. Bd7 Kf7 66. Bc6 Ke7 67. Bd7 1/2-1/2

[Event "TUR Cup"]
[Site "Antalya"]
[Date "2017.02.02"]
[Round "8"]
[White "Sen, Beril Berfin"]
[Black "Durak, Ahmet"]
[Result "1-0"]
[WhiteElo "1596"]
[BlackElo "1303"]
[PlyCount "83"]
[EventDate "2017.01.28"]
[EventType "swiss"]
[EventRounds "11"]
[EventCountry "TUR"]
[SourceTitle "CBM 176 Extra"]
[Source "ChessBase"]
[SourceDate "2017.03.02"]
[SourceVersion "1"]
[SourceVersionDate "2017.03.02"]
[SourceQuality "1"]

1. d4 Nf6 2. c4 e6 3. Nf3 Bb4+ 4. Bd2 Be7 5. Nc3 d5 6. cxd5 exd5 7. Bg5 c6 8. e3 0-0 9. Bd3 h6 10. Bh4 Na6 11. a3 Re8 12. 0-0 Bg4 13. h3 Bh5 14. b4 Ne4 15. Bxe7 Qxe7 16. Rc1 f5 17. Bc2 Bxf3 18. gxf3 Nc7 19. Na4 Nb5 20. Qd3 a5 21. Nb6 Rad8 22. a4 Nbd6 23. bxa5 Nc8 24. Rb1 Nxb6 25. axb6 Ra8 26. fxe4 fxe4 27. Qb3 Ra5 28. Qb4 Qxb4 29. Rxb4 Rea8 30. Ra1 Kf7 31. Kf1 Ke6 32. Ke2 Kd6 33. Kd2 c5 34. dxc5+ Kxc5 35. Kc3 Kc6 36. Rc1 Rc5+ 37. Kb3 g5 38. Rf1 Rca5 39. f3 Rf8 40. f4 gxf4 41. Rxf4 Rxf4 42. exf4 1-0

[Event "Manavgat Turkey Cup"]
[Site "Manavgat"]
[Date "2016.02.02"]
[Round "6"]
[White "Durak, Ahmet"]
[Black "Koc, Serkan"]
[Result "0-1"]
[WhiteElo "1145"]
[BlackElo "1755"]
[PlyCount "84"]
[EventDate "2016.01.30"]
[EventType "swiss"]
[EventRounds "11"]
[EventCountry "TUR"]
[SourceTitle "CBM 170 Extra"]
[Source "ChessBase"]
[SourceDate "2016.02.25"]
[SourceVersion "1"]
[SourceVersionDate "2016.02.25"]
[SourceQuality "1"]

1. d4 d5 2. Nf3 Nf6 3. Bf4 e6 4. e3 c5 5. Bb5+ Bd7 6. Bxd7+ Nbxd7 7. Nbd2 Qb6 8. b3 Bd6 9. Bxd6 Qxd6 10. 0-0 0-0 11. Rc1 Rac8 12. h3 b5 13. dxc5 Nxc5 14. Qe2 a6 15. c4 dxc4 16. bxc4 b4 17. Rfd1 Na4 18. Ne4 Qe7 19. Nxf6+ Qxf6 20. Qc2 Nc3 21. Rd4 e5 22. Rg4 h5 23. Rg5 Rxc4 24. Kh2 e4 25. Rxh5 g6 26. Rh4 Rfc8 27. Rf4 Qd6 28. Nd2 g5 29. Nxc4 Rxc4 30. g3 gxf4 31. gxf4 Qd3 32. h4 a5 33. Kh3 Kh7 34. Qb2 Nd1 35. Qf6 Qf1+ 36. Kh2 Qxf2+ 37. Kh1 Qf3+ 38. Kh2 Qe2+ 39. Kg3 Qxe3+ 40. Kg2 Qe2+ 41. Kg1 Qg4+ 42. Kh2 Rxc1 0-1

[Event "Manavgat Turkey Cup"]
[Site "Manavgat"]
[Date "2016.01.30"]
[Round "1"]
[White "Celik, Ege"]
[Black "Durak, Ahmet"]
[Result "1-0"]
[WhiteElo "1777"]
[BlackElo "1145"]
[PlyCount "46"]
[EventDate "2016.01.30"]
[EventType "swiss"]
[EventRounds "11"]
[EventCountry "TUR"]
[SourceTitle "CBM 170 Extra"]
[Source "ChessBase"]
[SourceDate "2016.02.25"]
[SourceVersion "1"]
[SourceVersionDate "2016.02.25"]
[SourceQuality "1"]

1. e4 c5 2. Nf3 d6 3. d4 cxd4 4. Qxd4 Nc6 5. Bb5 Bd7 6. Bxc6 Bxc6 7. c4 Nf6 8. Nc3 e6 9. 0-0 Be7 10. b3 0-0 11. Re1 h6 12. Bb2 a6 13. Rac1 Rc8 14. Red1 Qc7 15. Ba3 Rcd8 16. Nd5 exd5 17. cxd5 Qa5 18. Bb4 Qxa2 19. dxc6 bxc6 20. Qd3 a5 21. Rd2 Qxd2 22. Bxd2 c5 23. Bxa5 Rde8 1-0